Statistiques concernant Personnages #8 - Naruto

Cliquez ici pour prendre le quiz!

Statistiques générales

  • Ce quiz a été pris 1 248 fois
  • Le résultat moyen est 44 sur 80

Statistiques - réponses

ApparitionsPersonnage% Correct
71Naruto Uzumaki
100%
71Sakura Haruno
99%
66Sasuke Uchiwa
99%
63Kakashi Hatake
98%
36Itachi Uchiwa
93%
49Tsunade
93%
13Hinata Hyûga
92%
24Shikamaru Nara
92%
23Jiraya
91%
32Obito Uchiwa / Tobi
91%
22A / 4ème Raikage
90%
30Orochimaru
90%
17Ino Yamanaka
89%
8Minato Namikaze / 4ème Hokage
89%
21Chôji Akimichi
88%
20Neji Hyûga
88%
20Rock Lee
88%
41Gaara
87%
8Nagato / Pain
85%
17Kiba Inuzuka & Akamaru
84%
12Madara Uchiwa
84%
21Gaï Maito
82%
16Tenten
81%
15Temari
79%
6Deidara
77%
7Hashirama Senju / 1er Hokage
77%
15Hiruzen Sarutobi / 3ème Hokage
77%
7Tobirama Senju / 2ème Hokage
77%
13Shino Aburame
76%
2Asuma Sarutobi
75%
3Sasori
75%
12Kisame Hoshigaki
73%
7Konan
71%
2Hidan
70%
15Kankurô
70%
28Kabuto Yakushi
69%
21Killer Bee
67%
3Kakuzu
66%
38Saï
66%
11Kurama / Kyûbi
64%
38Yamato
58%
24Karin
55%
6Danzô Shimura
53%
2Zabuza Momochi
52%
15Zetsu
51%
2Iruka Umino
50%
1Lin / Rin Nohara
47%
2Haku
46%
24Jûgo
46%
24Suigetsu Hôzuki
46%
2Kaguya Ôtsutsuki
40%
3Shizune
39%
18Meï Terumî / 5ème Mizukage
38%
18Ônoki 'La Balance' / 3ème Tsuchikage
33%
4Chiyo
31%
2Kimimaro
29%
3Anko Mitarashi
28%
2Gamabunta
28%
1Fugaku Uchiwa
26%
2Hagoromo Ôtsutsuki / Ermite Rikudô
26%
2Darui
24%
11Gyûki / Hachibi
24%
1Ebisu
23%
5Jirôbô
19%
5Sakon & Ukon
19%
5Tayuya
19%
1Ibiki Morino
18%
5Kidômaru
16%
7Pakkun
14%
6Kin Tsuchi
12%
1Hayate Gekkô
10%
1Gengetsu Hôzuki / 2ème Mizukage
8%
1Mikoto Uchiwa
6%
6Dosu Kinuta
5%
6Zaku Abumi
5%
2Fukasaku
4%
2Tazuna
4%
3Motoï
2%
1Shima
2%
1Ebizô
1%

Distribution des résultats

Percentile par nombre de réponses

% des personnes avec chaque résultat

Votre développement - résultats

Vous n’avez pas pris ce quiz